00508nam a2200193 a 4500001001300000003000900013005001700022008004100039020000900080082001500089100002000104245005400124260002500178300000900203500003500212650001900247650002800266700002000294nice12345678IN_TiNIC20260116013302.0070615s1996 dela grp 000 0 eng  ac5000a230.1bPAT aPattery, Goerge aGandhib Believer an Indian Christian Perspective aDelhi bISPCK c1996 a174p aincludes index and biblioraphy aTheology-India aGandhi and Christianity1 aPattery, Goerge